Les villes les plus peuplées de France commençant par H/I/J/K - Statistiques

Statistiques générales
  • Ce quiz a été pris 67 fois
  • Le résultat moyen est 7 sur 15
Statistiques - réponses
Départements Population Lettres Villes % Correct
Seine Maritime (Le) 171 000 H Le Havre
93%
Hauts de Seine 68 000 I Issy les Moulineaux
78%
Var 55 000 H Hyères
69%
Bouches du Rhône 46 000 I Istres
68%
Val de Marne 64 000 I Ivry-sur-Seine
64%
Guyane 25 000 K Kourou
59%
Bas-Rhin 35 000 H Haguenau
54%
Val de Marne (Le) 25 000 K Le Kremlin-Bicêtre
49%
Indre et Loire 38 000 J Joué-lès-Tours
46%
Bas Rhin 27 000 I Illkirch-Graffenstaden
29%
Yvelines 33 000 H Houilles
25%
Calvados 22 000 H Hérouville-Saint-Clair
22%
Nord 26 000 H Hénin-Beaumont
20%
Mayotte 32 000 K Koungou
17%
Val d'Oise 31 000 H Herblay-sur-Seine
7%
Aucun quiz correspondant
Distribution des résultats
% des personnes avec chaque résultat
Percentile par nombre de réponses
Votre historique - résultats
Vous n’avez pas pris ce quiz